Eneida
Guardat en:
| Autors principals: | , |
|---|---|
| Format: | Llibre |
| Idioma: | espanyol |
| Publicat: |
Ciudad de México
Porrúa
1981
|
| Edició: | 8a. ed |
| Col·lecció: | Sepan Cuantos, 147
|
| Matèries: | |
| Etiquetes: |
Afegir etiqueta
Sense etiquetes, Sigues el primer a etiquetar aquest registre!
|
MARC
| LEADER | 00000nam a2200000 a 4500 | ||
|---|---|---|---|
| 001 | UCV8358 | ||
| 003 | CL-VaPUC | ||
| 008 | 910423e19810000MX |||||||||||||||||spa|d | ||
| 082 | 0 | 4 | |a 873 |b VIR |2 21 |
| 100 | 0 | |a Virgilio |e author |9 266332 | |
| 700 | 0 | |a Virgilio Marón, Publio |e author |9 266333 | |
| 245 | 1 | 0 | |a Eneida |
| 246 | 1 | 0 | |a Georgicas |
| 246 | 1 | 0 | |a Bucólicas |
| 250 | |a 8a. ed | ||
| 300 | |a 299 p | ||
| 942 | |c BK | ||
| 945 | |d 19910423 00:00:00 | ||
| 260 | |a Ciudad de México |b Porrúa |c 1981 | ||
| 600 | 0 | 7 | |a VIRGILIO |2 CL-VaPUC |9 266332 |
| 650 | 0 | |a Poesías épicas latinas |9 265355 | |
| 650 | 7 | |a POESIAS LATINAS |2 CL-VaPUC |9 302430 | |
| 583 | |a last modification |c 20121218 08:09:39 |k Rodrigo Vera | ||
| 490 | 0 | |a Sepan Cuantos, 147 | |
| 999 | |c 213889 |d 213887 | ||
| 952 | |0 0 |1 0 |2 ddc |4 0 |6 873_000000000000000_VIR_1981 |7 0 |8 P |9 196726 |a BIBARQ |b BIBARQ |d 2019-11-14 |i 2645475 |o 873 VIR 1981 |p 2645475 |r 2025-01-20 |w 2019-11-14 |y BK |k ARQ | ||